Science Quiz

Random Science or Animal Quiz

Hugging Animals Quiz Stats

 Plays Quiz Updated Jan 17, 2018

Score 0/25 Timer 06:00
17 Plays Today
% Correct
Giraffes
99.3%
Elephants
98.7%
Dogs
98.6%
Zebras
98.2%
Giant Pandas
98%
Red Foxes
97.2%
Brown Bears
97.2%
Red-eyed tree frogs
96.7%
Kangaroos
96.3%
Cats
96.3%
Deer
95.6%
Tigers
95.4%
Koalas
94.6%
% Correct
Penguins
94.6%
Otters
93.9%
Mountain Gorillas
93.9%
Crocodiles
93.5%
Macaws
93.5%
Galápagos tortoises
93.4%
Cheetahs
92.2%
Orangutans
83.9%
Veiled chameleons
81.9%
Meerkats
79.1%
Red Pandas
73%
Milkweed Beetles
64.1%

You're not logged in!

Compare scores with friends on all Sporcle quizzes.
OR
Log In

Sporcle TV

Today on Sporcle TV


Watch our educational content, quiz creation guides, and fun videos on Sporcle TV.

Show Comments

Extras

Top Quizzes Today


Score Distribution

Your Account Isn't Verified!

In order to create a playlist on Sporcle, you need to verify the email address you used during registration. Go to your Sporcle Settings to finish the process.

Report this User

Report this user for behavior that violates our Community Guidelines.

Details: